Language Quiz

Random Language or Blitz Quiz

Which Language Family? Quiz Stats

 Plays Quiz not verified by Sporcle

Challenge
Share
Tweet
Embed
Score 0/20 Timer 05:00
0 Plays Today
Question Answer Wrong Answers
German Germanic
97%
Celtic
0.2%
Romance
0.4%
Slavic
0.2%
Spanish Romance
95.5%
Celtic
0.7%
Germanic
0.9%
Slavic
0.6%
Italian Romance
95.4%
Celtic
0.6%
Germanic
1.3%
Slavic
0.6%
Irish Celtic
94.1%
Germanic
2.2%
Romance
0.9%
Slavic
0.8%
French Romance
93.9%
Celtic
0.9%
Germanic
2.7%
Slavic
0.4%
Portuguese Romance
93.1%
Celtic
1%
Germanic
1.7%
Slavic
1.8%
Ukrainian Slavic
92.7%
Celtic
1%
Germanic
3.5%
Romance
0.6%
Welsh Celtic
92.3%
Germanic
3.7%
Romance
0.7%
Slavic
1.3%
Russian Slavic
91.8%
Celtic
1%
Germanic
3.3%
Romance
1.5%
Cornish Celtic
88.6%
Germanic
4.8%
Romance
1.8%
Slavic
2.4%
Bulgarian Slavic
83%
Celtic
1.5%
Germanic
9.2%
Romance
4.2%
Czech Slavic
83%
Celtic
1.6%
Germanic
12%
Romance
1.2%
Swedish Germanic
80%
Celtic
6.4%
Romance
1.7%
Slavic
9.7%
Polish Slavic
76.9%
Celtic
1.5%
Germanic
18%
Romance
1.4%
Luxembourgish Germanic
76.5%
Celtic
1.7%
Romance
16.7%
Slavic
2.9%
Breton Celtic
76.2%
Germanic
9.8%
Romance
9.2%
Slavic
2.4%
English Germanic
75.7%
Celtic
13.3%
Romance
8.5%
Slavic
0.6%
Icelandic Germanic
65.3%
Celtic
20.3%
Romance
0.8%
Slavic
11.2%
Romanian Romance
64.7%
Celtic
0.6%
Germanic
4.5%
Slavic
28.1%
Manx Celtic
64.2%
Germanic
15.1%
Romance
5.4%
Slavic
12.5%

You're not logged in!

Compare scores with friends on all Sporcle quizzes.
OR
Log In

You Might Also Like...

Show Comments

Extras

Top Quizzes Today


Score Distribution

Your Account Isn't Verified!

In order to create a playlist on Sporcle, you need to verify the email address you used during registration. Go to your Sporcle Settings to finish the process.

Report this User

Report this user for behavior that violates our Community Guidelines.

Details: